Rendiconti dell'Istituto di matematica dell'Università di Trieste.
Guardado en:
| Autor Corporativo: | |
|---|---|
| Formato: | Revista |
| Lenguaje: | English French Italian |
| Publicado: |
Trieste :
Istituto di matematica, Università,
[1969-.
|
| Materias: |
| LEADER | 01621cas a2200409 a 4500 | ||
|---|---|---|---|
| 001 | c000186510 | ||
| 003 | CARM | ||
| 005 | 20051021103704.0 | ||
| 008 | 760402c19699999it fxzp 0 b0eng d | ||
| 010 | |a sf 81003038 | ||
| 019 | 1 | |a 943787 |5 LACONCORD2021 | |
| 022 | |a 0049-4704 | ||
| 030 | |a RIMTDP | ||
| 035 | |a (OCoLC)2086971 |5 LACONCORD2021 | ||
| 040 | |a NIC |b eng |c NIC |d DLC |d OCoLC |d AIP |d NSDP |d NST |d WaU |d OCoLC | ||
| 041 | 0 | |a eng |a fre |a ita | |
| 042 | |a lc | ||
| 050 | 0 | 0 | |a QA1 |b .T82a |
| 210 | 0 | |a Rend. Ist. mat. Univ. Trieste | |
| 222 | 0 | |a Rendiconti dell'Istituto di matematica dell'Università di Trieste | |
| 245 | 0 | 0 | |a Rendiconti dell'Istituto di matematica dell'Università di Trieste. |
| 260 | |a Trieste : |b Istituto di matematica, Università, |c [1969-. | ||
| 300 | |a v. : |b ill. ; |c 24 cm. | ||
| 310 | |a Two no. a year | ||
| 362 | 0 | |a Vol. 1, fasc. 1 (1969)- | |
| 500 | |a Title from cover. | ||
| 525 | |a Supplements accompany some vols. | ||
| 546 | |a English, French, and Italian. | ||
| 650 | 0 | |a Mathematics |v Periodicals. | |
| 710 | 2 | |a Università degli studi di Trieste. |b Istituto di matematica. | |
| 852 | 8 | |b CARM |h A2:AQ21B0 |i C07504 |p 0260560 |f SE | |
| 852 | 8 | |b CARM |h A2:AP21F0 |i C07663 |p 0260841 |f SE | |
| 866 | 0 | |a 1(1969)-16(1984) | |
| 866 | 0 | |a 1(1969)-16(1984) | |
| 999 | f | f | |i 7d4776e1-5ece-5a9f-a454-6ecf9875b290 |s 0c651416-9d25-5945-86a4-1774a6185d33 |
| 952 | f | f | |p Can circulate |a CAVAL |b CAVAL |c CAVAL |d CARM 1 Store |e C07663 |f A2:AP21F0 |h Other scheme |i book |k 5(1973)-16(1984) |m 0260841 |
| 952 | f | f | |p Can circulate |a CAVAL |b CAVAL |c CAVAL |d CARM 1 Store |e C07504 |f A2:AQ21B0 |h Other scheme |i book |k 1(1969)-4(1972) |m 0260560 |